000 00451nam a2200133 4500
999 _c13974
_d13974
008 190717b ||||| |||| 00| 0 eng d
082 _aDPer 050 T48 Apr-June 2016 v. 187 n. 12-24
100 _aSinger, Paul.
_938902
245 _aMauricio Macri:
_bchampions of economic reform/
_cPaul Singer.
260 _aHong Kong:
_bTime Asia,
_cc2016.
300 _av187 n16-17, page 72:
_billustrations;
_c27 cm.
650 _aEconomics.
_938903
942 _2ddc
_cPER